00774 2200181 4500245008900000020002200089250001100111100002200122700001900144650002000163005001900183260004300202041001400245084001000259300002800269500028600297336000900583 aJiandan de Zhongwen b : Belajar Bahasa Mandarin itu MudahcMuryani J. SemitahText a978-623-400-450-2 aCet. 1 aMuryani J. Semita aRifka Az-Zahra aBahasa Mandarin a20240110104656 aYogyakartabAnak Hebat Indonesiac2023 aIndonesia a495.1 axix, 268 hlm. :c20 cm. aBuku ini berisi tentang penulisan Hanzi, Pinyin dan lafal bahasa Indonesia; kosakata sehari-hari untuk berbagi benda dan suasana; percakapan sehari-hari untuk berkomunikasi di berbagai situasi; kamus kelompok kata yang sangat lengkap; contoh soal dan berbagai latihan yang menarik. atext